000 00737cam a22002294a 4500
001 15302819
005 20180227091752.0
008 080522s2009 at a b 001 0 eng
010 _a 2008929479
020 _a9780547194325 (pbk.)
020 _a0547194323 (pbk.)
040 _aDLC
_cDLC
_dDLC
041 _aeng
080 _a658 CHA
100 1 _a53
101 _aMAN
245 1 0 _aEssentials of strategic management /
_cCharles W. L. Hill, Gareth R. Jones.
504 _aIncludes bibliographical references and index.
906 _a7
_bcbc
_corignew
_d3
_eepcn
_f20
_gy-gencatlg
942 _2ddc
_cBK
999 _c43641
_d43641